000 00530nam a2200181Ia 4500
005 20250508163440.0
008 008 250505s9999 xx 000 0 eng d
037 _aDissertations
040 _aFEDL
_beng
_cFEDL
041 _aeng
_2eng
084 _a370.15, DHA/DI
_qFEDL
100 _aDhalla Tripti
_9775349
245 0 _aPsycho-educational profile of creative children
260 _c1990
546 _aM.Phil Dissertation, (Delhi University)
942 _cDIS
_h370.15, DHA/DI
999 _c1383308
_d1383308